000 01271nam a2200277Ia 4500
003 OSt
005 20221005110443.0
006 a|||||r|||| 00| 0
007 ta
008 221004b |||||||| |||| 00| 0 hin d
020 _a8186684263 (hbk)
_c250
024 _a99309
037 _b378, 04/03/2010, Swaraj Prakashan
_cTextual
040 _aCRL
_cCRL
_bhin
041 _2hin
_ahin
082 _aY:1.2.C, 152N8
100 _aशर्मा, रामशरण
245 0 _aमध्य गंगा क्षेत्र में राज्य की संरचना
_b पुरातात्विक और नृतात्विक अध्ययन
246 _aMadhya gangā kṣhetra mean rājya kī sanrachanā: purātātvik aur nṛutātvik adhyayana
260 _aनई दिल्ली
_bग्रंथ शिल्पी भारत
_c1998
300 _a102पृ0
_ccm.
490 _aभारतीय इतिहास के गौरव ग्रंथ
700 _a मंगलनाथ सिंह, अनु.
942 _hY:1.2.C, 152N8
_cTEXL
_2cc
999 _c1018865
_d1018865